Annotated bibliography of remote sensing of air and water pollution (Record no. 56534)
[ view plain ]
| 000 -LEADER | |
|---|---|
| fixed length control field | 00544nam a22001457a 4500 |
| 008 - FIXED-LENGTH DATA ELEMENTS--GENERAL INFORMATION | |
| fixed length control field | 230801b |||||||| |||| 00| 0 eng d |
| 040 ## - CATALOGING SOURCE | |
| Original cataloging agency | National Science Library |
| Transcribing agency | National Science Library |
| 080 ## - UNIVERSAL DECIMAL CLASSIFICATION NUMBER | |
| Universal Decimal Classification number | R 016:614.7:5.28.7 |
| Item number | L1 |
| 100 1# - MAIN ENTRY--PERSONAL NAME | |
| Personal name | Brooks, Paul Dennis |
| 9 (RLIN) | 12881 |
| 245 ## - TITLE STATEMENT | |
| Title | Annotated bibliography of remote sensing of air and water pollution |
| Statement of responsibility, etc. | / Army Topographic Command Washington, D.C September 1971 |
| 260 ## - PUBLICATION, DISTRIBUTION, ETC. | |
| Place of publication, distribution, etc. | Washington: |
| Name of publisher, distributor, etc. | US Department of Commerce, |
| Date of publication, distribution, etc. | 1971 |
| 300 ## - PHYSICAL DESCRIPTION | |
| Extent | 21p. |
| 700 ## - ADDED ENTRY--PERSONAL NAME | |
| Personal name | Thomson, George W |
| 942 ## - ADDED ENTRY ELEMENTS (KOHA) | |
| Source of classification or shelving scheme | Universal Decimal Classification |
| Koha item type | Reference |
No items available.